000 00703nam a2200253Ia 4500
003 OSt
005 20220925180716.0
006 a|||||r|||| 00| 0
007 ta
008 220923b |||||||| |||| 00| 0 eng d
020 _a0745624138
037 _cGeneral Book
040 _aRTL
_cRTL
_beng
041 _2eng
_aeng
082 _aU435, P2
100 _aAmin Ash
_9251883
245 0 _aCities
_b Reimagining the urban
260 _aCambridge
_bPolity Press
_c2002
300 _avi, 184p. Bibliography p.160-73
_ccm.
650 _aUrban Geography
700 _a Thrift Nigel
_994160
942 _hU435, P2
_cGB
_2CC
999 _c497289
_d497289